Murder in the rue Dauphine /

Gespeichert in:
Bibliographische Detailangaben
1. Verfasser: Herren, Greg (Verfasst von)
Format: Buch
Sprache:Englisch
Veröffentlicht: Los Angeles : Alyson Books, c2002
Tags: Tag hinzufügen
Keine Tags, Fügen Sie das erste Tag hinzu!

MARC

LEADER 00000nam a22000007i 4500
001 IT\ICCU\UBO\2262162
003 ItRI
005 20260115231832.0
008 030731s2002 xxu|||||| ||||| |||||c
020 |a 1555835856 
040 |b ita  |c importazione bologna sebina 
041 7 |a eng  |2 ISO-639-2 
100 1 |a Herren, Greg  |0 IT\ICCU\UBOV\818264  |4 aut 
245 1 0 |a Murder in the rue Dauphine /  |c by Greg Herren. 
260 |a Los Angeles :  |b Alyson Books,  |c c2002 
300 |a 227 p. ;  |c 22 cm. 
942 |2 ddc  |c BK  |n 0 
952 |0 0  |1 0  |4 0  |6 DOC_813_600000000000000_HER  |7 0  |9 13859  |a BO  |b BO  |d 2026-01-15  |i 7598  |l 0  |o DOC 813.6 HER  |p BO7598  |r 2026-01-15 23:18:32  |w 2026-01-15  |x [Sebina 5] [1 v.]  |y BK  |z 1 v. 
999 |c 11927  |d 11927